Giao thông vận tải Số 7
Nội dung: Hạ tầng giao thông " thay da đổi thịt" từ Quỹ Bảo trì đường bộ. Đấu thầu bảo trì qua mạng, tiết kiệm chi phí đầu tư. Cần cơ chế thông thoáng cho công tác bảo trì đường bộ. Nhà đầu tư BOT phải đảm bảo chất lượng công t...
Bewaard in:
| Formaat: | Boek |
|---|---|
| Taal: | Vietnamese |
| Gepubliceerd in: |
H.
Bộ giao thông vận tải
2019
|
| Onderwerpen: | |
| Tags: |
Voeg label toe
Geen labels, Wees de eerste die dit record labelt!
|
| Thư viện lưu trữ: | Thư viện Trường Đại học Nam Cần Thơ |
|---|
| LEADER | 01242nam a22002297a 4500 | ||
|---|---|---|---|
| 001 | NCT_108498 | ||
| 008 | 220304b xxu||||| |||| 00| 0 vie d | ||
| 999 | |c 5502 |d 5502 | ||
| 022 | |a 2354-0818 | ||
| 041 | 0 | |a vie | |
| 082 | 0 | 4 | |2 23rd ed. |a 629 |b Gi108T |
| 245 | 0 | 0 | |a Giao thông vận tải |n Số 7 |c Cơ quan thông tin lý luận khoa học công nghệ của bộ giao thông vận tải |
| 260 | |a H. |b Bộ giao thông vận tải |c 2019 | ||
| 300 | |c 28cm | ||
| 310 | |a tháng 1 kỳ | ||
| 362 | |a 7/2019 | ||
| 520 | 3 | |a Nội dung: Hạ tầng giao thông " thay da đổi thịt" từ Quỹ Bảo trì đường bộ. Đấu thầu bảo trì qua mạng, tiết kiệm chi phí đầu tư. Cần cơ chế thông thoáng cho công tác bảo trì đường bộ. Nhà đầu tư BOT phải đảm bảo chất lượng công trình mới được thu phí..... | |
| 653 | |a Công nghệ kỹ thuật ô tô | ||
| 655 | |a Tạp chí | ||
| 942 | |2 ddc |c CR | ||
| 952 | |0 0 |1 0 |2 ddc |4 0 |6 629_000000000000000_GI108T |7 0 |9 22928 |a 000001 |b 000001 |d 2022-04-06 |o 629 Gi108T |r 2022-04-06 |w 2022-04-06 |y CR | ||
| 980 | |a Thư viện Trường Đại học Nam Cần Thơ | ||